| 000 | 00540cam a2200229 4500 | ||
|---|---|---|---|
| 008 | 090401t1991 xxu||||| |||| 00| 0 eng d | ||
| 020 | _a0319002225 | ||
| 035 | _a(Sirsi) u56343 | ||
| 041 | _aeng | ||
| 050 | _a526.9809 | ||
| 110 |
_aOrdnance Survey _91860 |
||
| 245 | _aOrdnance Survey 1791-1991. | ||
| 260 |
_aLondon _bOrdnance Survey _c1991 |
||
| 300 | _a16p. : ill. ; 30cm. | ||
| 350 | _a1.5 | ||
| 650 | _aHISTORY | ||
| 650 | _aMAPS | ||
| 650 | _aORDNANCE SURVEY | ||
| 690 | _aMAPPING | ||
| 942 | _n0 | ||
| 948 | _c04/03/1997 | ||
| 999 |
_c93776 _d93776 |
||